01940nam a22002297a 4500003000900000001000900009007000300018008003600021040003800057245027500095041000800370022001400378856006000392520025800452520025200710520025600962520025201218520021501470260000901685246000801694650000801702UA-OsUOA 133624 ta20181026b un ||||| |||| 00| 0 ukr d aUA-OsUOAbengcUA-OsUOAdUA-OsUOA aStudies of Transition States and Societiesb’Studies of Transition States and Societies’ (STSS) aims to promote interdisciplinary exchange between scholars in all major field of thecEditor in chief Email: stss@tlu.ee Airi-Alina Allaste - Tallinn University, Estonia aeng a1736-875840uhttp://publications.tlu.ee/index.php/stss/issue/view/133 aStudies of Transition States and Societies’ (STSS) is a fast-growing open-access interdisciplinary journal for the study of transition societies. Published since 2009 it is already indexed in Scopus, the Directory of Open Access Journals (DOAJ), EBSCO3 a, ProQuest, Central and Eastern European Online Library (CEEOL) and the International Political Science Abstracts (IPSA).STSS aims to promote interdisciplinary exchange between scholars in all major field of the social sciences with emphasis to so3 aciology and political science. The substantive focus of the journal is on the transitional societies, particularly on the societal and political changes in the post-socialist region. Still articles on other regions are considered as well to enrich the3 adebate about transition in social sciences.The journal is published biannually whereas the spring issue combines articles of political science and papers in sociology are published in the fall. In addition, collections of articles about a common t3 aheme or debate are published as special issues.STSS is published by Institute of Political Science and Governance and Institute of International and Social Studies, Tallinn University.See more in About section. c201231a1n 72UDC